| 000 | 01495nam2a2200301 4500 | ||
|---|---|---|---|
| 001 | RU\NLR\BIBL_A\012170866 | ||
| 005 | 20200623161931.0 | ||
| 010 | _a978-5-0050-6825-5 | ||
| 021 |
_aRU _bКН-П-19-089351 _9КН-П-19-6526 |
||
| 035 | _a(NLR Aleph) 012170866 | ||
| 035 | _a(RuMoRGB)010164459 | ||
| 090 |
_a12240896 _c12240896 |
||
| 100 | _a20191224d2019 u y0rusy50 ca | ||
| 101 | 0 | _arus | |
| 102 | _aRU | ||
| 105 | _ay z 000zy | ||
| 200 | 0 | _aКн. 1 | |
| 210 | _d2019 | ||
| 215 | _a192, [1] с. | ||
| 300 | _aОбщ. загл.: Р. В. Иванов-Разумник. Казус "вечной революционности" | ||
| 320 | _aБиблиогр.: с. 187-192 и в подстроч. примеч. | ||
| 461 | 0 |
_1001RU\NLR\BIBL_A\012170864 _12001#$aР.В. Иванов-Разумник. Свой путь в иллюзионе самосознания$fТ.В. Агейчева$vКн. 1 _1700#1$aАгейчева$bТ. В.$gТатьяна Владимировна$3RU\NLR\AUTH\770195723 _912240888 _aАгейчева, Т. В. _c[Б. м.] _d2019 _fТ.В. Агейчева _nИздательские решения _tР.В. Иванов-Разумник. Свой путь в иллюзионе самосознания _y9785005068262 _vКн. 1 |
|
| 517 | 1 | _aР. В. Иванов-Разумник. Казус "вечной революционности" | |
| 942 | _cBOOK | ||
| 980 | _aNBR | ||
| 980 | _aNB | ||